A Savior for all seasons / (Record no. 4773)

MARC details
000 -LEADER
fixed length control field 00695cam a2200241 a 4500
001 - CONTROL NUMBER
control field 515679
003 - CONTROL NUMBER IDENTIFIER
control field GBCCL
005 - DATE AND TIME OF LATEST TRANSACTION
control field 20241126110526.0
008 - FIXED-LENGTH DATA ELEMENTS--GENERAL INFORMATION
fixed length control field 860326s1986 nju 000 0 eng
010 ## -
-- 86006648
020 ## - INTERNATIONAL STANDARD BOOK NUMBER
International Standard Book Number 0800714857
040 ## - CATALOGING SOURCE
Original cataloging agency DLC
Transcribing agency DLC
Modifying agency DLC
050 00 -
-- BT202
-- .B32 1986
082 00 - DEWEY DECIMAL CLASSIFICATION NUMBER
Classification number 232.3
Edition information 19
Item number BAR
100 1# - MAIN ENTRY--PERSONAL NAME
Personal name Barker, William Pierson.
9 (RLIN) 8710
245 12 - TITLE STATEMENT
Title A Savior for all seasons /
Statement of responsibility, etc. William P. Barker.
260 ## - PUBLICATION, DISTRIBUTION, ETC.
Place of publication, distribution, etc. Old Tappan, N.J. :
Name of publisher, distributor, etc. F.H. Revell,
Date of publication, distribution, etc. c1986.
300 ## - PHYSICAL DESCRIPTION
Extent 191 p. ;
Dimensions 22 cm.
600 00 - SUBJECT ADDED ENTRY--PERSONAL NAME
Personal name Jesus Christ
General subdivision Person and offices.
9 (RLIN) 268
650 #0 - SUBJECT ADDED ENTRY--TOPICAL TERM
Topical term or geographic name entry element Christian life.
9 (RLIN) 183
906 ## - LOCAL DATA ELEMENT F, LDF (RLIN)
a 7
b cbc
c orignew
d 1
e ocip
f 19
g y-gencatlg
942 ## - ADDED ENTRY ELEMENTS (KOHA)
Source of classification or shelving scheme Dewey Decimal Classification
Koha item type Books
Holdings
Withdrawn status Lost status Source of classification or shelving scheme Damaged status Not for loan Home library Current Library Shelving location Date acquired Total checkouts Full call number Barcode Date last seen Copy number Price effective from Koha item type
    Dewey Decimal Classification     GRACE BIBLE COLLEGE GRACE BIBLE COLLEGE Theology 2018-02-06   232.3 BAR 008645 2025-05-01 c.1 2018-02-06 Books
© Grace Bible College Library 2025